Statistics for Name of Nationalist parties in Europe

Click here to take the quiz!

General Stats

  • This quiz has been taken 92 times
  • The average score is 5 of 12

Answer Stats

HintAnswer% Correct
FranceNational Front
67%
GermanyAlternative for Germany
64%
United KingdomUnited Kingdom Independence Party
61%
HungaryFidesz
54%
PolandLaw and Justice
51%
ItalyNorthern League
43%
SwedenSweden Democrats
43%
The NetherlandsParty for Freedom
40%
AustriaFreedom Party of Austria
39%
FinlandFinns Party
30%
DenmarkDanish People's Party
25%
NorwayProgress Party
24%

Score Distribution

Percentile by Number Answered

Percent of People with Each Score

Your Score History

You have not taken this quiz